| 000 | 00507nam a2200169Ia 4500 | ||
|---|---|---|---|
| 999 |
_c35154 _d35154 |
||
| 003 | OSt | ||
| 005 | 20201221114128.0 | ||
| 008 | 190216s9999||||xx |||||||||||||| ||und|| | ||
| 040 | _coclc | ||
| 082 |
_a039 _bJOH/V |
||
| 100 |
_aJohn, Koshi P _97719 |
||
| 245 | 0 |
_aVidyarthi Mithram Malayalam Encyclopaedia / _cKoshi P John |
|
| 260 |
_bVidyarthimithram Press, _c1967. _aKottayam: |
||
| 300 | _a1504p | ||
| 650 | _aMalayalam Encyclopaedia | ||
| 942 |
_cREF _2ddc _h039 _iJOH/V _k039 _mJOH/V |
||